00578nam a2200169 i 4500001000300000100003300003245010100036250001200137260005100149300002600200020001500226040000800241041000800249080001200257008004100269856009800310bg1 aFreud, Sigmundd(1856-1939).10aWstęp do psychoanalizy /cZygmunt Freud ; przekł. z niem. S. Kempnerówny, W. Zaniewickiego. aWyd. 4. aWarszawa :bPaństwowe Wydaw. Naukowe,c1984. a447, [1] s. ;c20 cm. a8301038632 cBPK apol a159.964 s pl f |000 0 pol  uhttp://koha.tu.koszalin.pl/cgi-bin/koha/opac-detail.pl?biblionumber=22684yKatalog online BPK